000 01915nam a2200541 i 4500
001 31481
003 KOSZ 005
005 20210430135803.0
008 980713s1997 pl a f |000 0 pol
015 _aUWD 1997/6869
020 _a8387166367
035 _a991004880029705066
035 _a(PL-WaBN)b11284134-48omnis_nlop
035 _ab11284134
035 _a(OCoLC)749998340
035 _a(PL)b0000001128413
035 _a(EXLNZ-48OMNIS_NETWORK)9910134338605606
040 _aWA N
_cWA N
_dKOSZ 005/HR
046 _k1997
080 _a669.1
080 _a628.5
080 _a504.5(438)
245 0 0 _aOcena wpływu przemysłu hutniczego na klimat akustyczny środowiska /
_czespół wykonawców pracy Zbigniew Engel - kier. [et al.] ; [red. Ewa Źrałek ; Państwowa Inspekcja Ochrony Środowiska].
260 _aWarszawa :
_bPIOŚ,
_c1997.
300 _a83, [1] s. :
_bfot. kolor., pl., rys., 2 wykr. ;
_c23 cm.
336 _aTekst
_btxt
_2rdacontent
337 _aBez urządzenia pośredniczącego
_bn
_2rdamedia
338 _aWolumin
_bnc
_2rdacarrier
380 _aKsiążki
380 _aPublikacje fachowe
388 _a1901-2000
388 _a1989-2000
490 1 _aBiblioteka Monitoringu Środowiska
504 _aBibliogr. s. 83-[84].
650 7 _aHałas przemysłowy
_2DBN
650 7 _aHutnictwo
650 7 _aWpływ na środowisko
_2DBN
650 7 _aMonitoring środowiska
651 _aPolska
658 _aOchrona środowiska
700 1 _aEngel, Zbigniew
_d(1933-2013)
_eRedakcja
700 1 _aŹrałek, Ewa
_eRedakcja
710 1 _aPaństwowa Inspekcja Ochrony Środowiska
_4pbl
830 0 _aBiblioteka Monitoringu Środowiska
856 _uhttp://koha.tu.koszalin.pl/cgi-bin/koha/opac-detail.pl?biblionumber=31481
_yKatalog online BPK
942 _2UKD
_cKS
999 _c31481
_d31481